Responses for show #8454 - Thursday, July 29, 2021

Matt Amodio game 7.
Champion's winnings & consolation amounts matched to Reading is Fundamental.

Contestants

[<< previous game]

Bryan Cracchiolo, an assistant registrar from White Plains, New York

Dana Rosner, a sales manager from Philadelphia, Pennsylvania

Matt Amodio, a Ph.D. student from New Haven, Connecticut (whose 6-day cash winnings total $194,800)

[next game >>]

Jeopardy! Round responses

NAME THAT BEATLES TUNE
HELP!
HERE, THERE & EVERYWHERE
SOMETHING
LET "IT" BE
HELLO, GOODBYE
    $200 28
"Back In The U.S.S.R."

Matt
    $200 29
the IRS

Dana
    $200 30
Springfield

Matt
    $200 23
Adobe

Matt
    $200 26
Italian

Bryan
    $200 27
Tubman

Matt
    $400 20
"Eleanor Rigby"

Matt
    $400 24
resident assistant (resident advisor)

Matt
    $400 21
Montevideo

Matt
    $400 22
Jon Stewart

Bryan
    $400 25
Whatchamacallit

Dana
    $400 7
(Madame) Tussaud

Matt
    $600 14
"Sgt. Pepper's Lonely Hearts Club Band"

Triple Stumper
    $600 15
Dummies

Matt
    $600 16
Great Barrier Reef

Matt
    $600 17
Portuguese

Matt
    $600 18
a habit

Dana
    $600 19
Bach

Matt
    $800 8
"Ticket To Ride"

Matt
    $800 9
calculus

Matt
    $5,000 10
Russia & China

Matt
    $800 11
Perseids

Matt
    $800 12
(Matt: Uh, what's... accomplice?)

complicit

Matt
Triple Stumper
    $800 13
Hannibal

Matt
    $1000 1
(Matt: What's "In The Li"--"[*]"?)

"A Day In The Life"

Matt
    $1000 2
defibrillator

Matt
    $1000 3
Mombasa

Matt
    $1000 4
(Matt: What's... Polk?)
(Bryan: Who is Andrew Jackson?)
(Dana: Who is Harrison?)

John Tyler

MattDanaBryan
Triple Stumper
    $1000 5
positron

Matt
    $1000 6
(Dana: Who is [*]?)
(LeVar: No. Oh! Yes, correct.)

Carnegie

Dana

Scores at the first commercial break (after clue 15):

Matt Dana Bryan
$11,400 $0 -$1,000

Scores at the end of the Jeopardy! Round:

Matt Dana Bryan
$15,200 $1,200 -$400

Double Jeopardy! Round responses

A NOBEL LAUREATE WROTE THAT
OLD MILITARY ABBREV.
IT'S ALL IN YOUR HEAD & HANDS
THE STATE'S RICHEST PERSON
(LeVar: According to the Forbes list.)
PLAYING THE PART
TAKE A FEW LETTERS
(LeVar: For example, in "yuletide", you'll find this heavenly body. What is a star from the letters in "Christmas"?)
    $400 27
Harlem

Dana
    $400 30
the Republic

Matt
    $400 29
the wisdom teeth

Bryan
    $400 28
(Matt: What's Allen?)

Jeff Bezos

Matt
Triple Stumper
    $400 24
Goodman

Matt
    $400 1
tuna

Matt
    $800 21
Kipling

Matt
    $800 26
automatic rifle

Matt
    $800 20
Apollo

Matt
    $800 25
Buffett

Matt
    $800 22
The Fresh Prince of Bel-Air

Bryan
    $800 23
(LeVar: [*], from general.)

green

Triple Stumper
    $1200 13
(Hermann) Hesse

Matt
    $1200 19
the Far East

Dana
    $1200 16
blind spot

Matt
    $1200 15
Koch

Matt
    $1200 4
Hartnett

Matt
    $1200 14
canteen

Matt
    $2,000 2
(William) Golding

Matt
    $1600 18
British Expeditionary Force

Matt
    $2,000 6
lips

Matt
    $1600 5
Mars

Matt
    $1600 3
Edie Falco

Dana
    $1600 12
peal

Matt
    $2000 7
Algeria

Matt
    $2000 17
patrol boat

Matt
    $2000 10
(Bryan: What are phalanges?)

metacarpals

MattBryan
    $2000 8
Frist

Matt
    $2000 9
Peter Sellers

Triple Stumper
    $2000 11
amino

Matt

Scores at the end of the Double Jeopardy! Round:

Matt Dana Bryan
$44,000 $4,400 -$1,200
(lock game)

[wagering suggestions for these scores]

Final Jeopardy! Round responses

WORLD CITIES
(LeVar: [To Matt] From Carthage.)
DanaWhat is Bogota?
$0
MattWhat is Cartagena?
$30,000
Cartagena

Final scores:

Matt Dana Bryan
$74,000 $4,400 -$1,200
7-day champion: $268,800 2nd place: $2,000 3rd place: $1,000

Game dynamics:

Coryat scores:

Matt Dana Bryan
$39,000 $4,400 -$1,200
43 R
(including 3 DDs),
3 W
7 R,
1 W
4 R,
2 W

Combined Coryat: $42,200

The J! Archive is created by fans, for fans. The Jeopardy! game show and all elements thereof, including but not limited to copyright and trademark thereto, are the property of Jeopardy Productions, Inc. and are protected under law. This website is not affiliated with, sponsored by, or operated by Jeopardy Productions, Inc. Join the discussion at JBoard.tv.